[Event "FIDE Chesscom Grand Swiss 2021"]
[Site "Riga"]
[Date "2021.10.31"]
[Round "5.27"]
[White "Yakubboev, Nodirbek"]
[Black "Eljanov, Pavel"]
[Result "1/2-1/2"]
[WhiteElo "2621"]
[BlackElo "2691"]
[Annotator "TA"]
[PlyCount "81"]
[EventDate "2021.10.27"]
[EventType "swiss"]
[EventCountry "LAT"]
[Tiebreak "Cut1 Buchholz+Sonneborn-Berger (Swiss)"]
[SourceTitle "playchess.com"]
[Source "ChessBase"]
[SourceQuality "1"]

{[%evp 11,81,31,15,11,23,0,13,7,10,10,20,19,13,0,1,-2,0,-3,-16,-20,-14,-15,-11,
-16,-15,-40,-32,-43,-43,-38,-24,-74,-34,-37,-40,-58,-58,-61,-50,-53,-43,-46,
-36,-35,-44,-50,-26,-25,-21,-18,-21,-56,-28,-20,-30,-22,-21,-18,0,0,0,0,0,0,0,
0,0,0,0,0,0,0]} 1. e4 e5 2. Nc3 Nf6 3. g3 Bc5 4. Bg2 Nc6 5. d3 d6 6. Na4 Bb6 7.
Ne2 {C26: Vienna Game: 2...Nf6, sidelines .} Ba5+ {[#]} 8. Nac3 $146 ({
Predecessor:} 8. c3 b5 9. b4 Bxb4 10. cxb4 bxa4 11. Qxa4 Bd7 12. b5 Ne7 13. Qc4
a6 14. bxa6 Qc8 {0-1 (40) Mrdja,M (2296)-Blazeka,M (2329) Zagreb 2018}) 8...
Bg4 {With the idea ...Nd4.} 9. O-O Qd7 10. Bg5 Bxc3 11. bxc3 Ng8 12. f3 (12. c4
{with more complications.} Nge7 13. Qd2 O-O 14. Rae1 Rae8 15. Nc3) 12... Bh3
13. c4 Bxg2 14. Kxg2 h6 15. Be3 Nge7 16. f4 f5 17. Nc3 O-O 18. Qd2 fxe4 19.
Nxe4 Nf5 20. Rae1 b6 21. Nc3 Rae8 22. Nd5 Nce7 23. fxe5 Nxd5 24. cxd5 {Black
should prevent e6.} dxe5 25. c4 c6 26. dxc6 Qxc6+ 27. Kg1 e4 28. Rf4 $1 exd3
29. Qxd3 Nxe3 30. Rxe3 Qc5 31. Rfe4 Rxe4 (31... Rd8 {feels hotter.} 32. Qe2 Qf5
33. Qe1 Qf6 34. Rf4 Qb2) 32. Qxe4 $15 {[%mdl 4096] Endgame KQR-KQR} Rc8 33.
Qd5+ Qxd5 {The position is equal.} 34. cxd5 $11 {KR-KR} Rc1+ 35. Kf2 Rd1 36.
Re7 a5 37. Rd7 Rd2+ 38. Ke3 Rxa2 39. Rb7 {[#] d6 is the strong threat.} Kf8 40.
Rxb6 Rxh2 41. Ke4 {Weighted Error Value: White=0.06/Black=0.04} 1/2-1/2

[Event "FIDE Chesscom Grand Swiss 2021"]
[Site "Riga"]
[Date "2021.10.31"]
[Round "5.28"]
[White "Yilmaz, Mustafa"]
[Black "Van Foreest, Jorden"]
[Result "1-0"]
[WhiteElo "2626"]
[BlackElo "2691"]
[Annotator "TA"]
[PlyCount "171"]
[EventDate "2021.10.27"]
[EventType "swiss"]
[EventCountry "LAT"]
[Tiebreak "Cut1 Buchholz+Sonneborn-Berger (Swiss)"]
[SourceTitle "playchess.com"]
[Source "ChessBase"]
[SourceQuality "1"]

{[%evp 13,171,14,41,33,39,34,60,68,65,68,57,34,69,62,70,71,77,68,53,68,76,62,
78,60,55,66,97,83,114,113,112,112,111,114,123,105,114,99,102,99,107,107,120,94,
108,116,132,85,85,93,95,87,115,128,126,0,43,0,126,121,119,123,129,0,104,0,115,
129,127,125,118,96,96,0,94,98,96,98,101,86,85,39,84,56,74,65,90,48,104,104,104,
104,104,0,60,0,92,83,83,87,84,87,83,80,83,83,80,77,80,83,75,79,110,109,110,110,
181,168,189,197,272,253,272,237,265,0,81,0,261,230,265,268,259,256,248,232,595,
592,1014,1004,29959,29962,29961,29962,29962,29962,29964,29965,29964,29964,
29962,29961,29954,29945,29938,29954,9504,8494,9504,8494]} 1. d4 d5 2. c4 e6 3.
Nc3 a6 4. cxd5 exd5 5. Bf4 Nf6 6. e3 c5 7. Nf3 Nc6 8. Be2 {D32: Tarrasch
Defence: Sidelines and lines without g3.} c4 9. Ne5 Bd6 {[#]} 10. Nxc6 $146 {
White is slightly better.} ({Predecessor:} 10. Bf3 O-O 11. O-O Be6 12. b3 Bb4
13. Ne2 Nxe5 14. Bxe5 Ne4 15. bxc4 Nd2 16. cxd5 Nxf3+ 17. gxf3 {1-0 (43)
Schmeidler,M-Brasch,H Kirchseeon 1989}) 10... bxc6 11. Bxd6 Qxd6 12. O-O Bf5
13. b3 cxb3 14. axb3 a5 15. Qc1 h5 16. Qa3 Ke7 17. Rfc1 Rhb8 18. Na4 Qxa3 19.
Rxa3 Bd7 20. Rca1 Bg4 21. f3 Bf5 22. Bd1 g5 23. Kf2 g4 24. Nc3 gxf3 25. gxf3
Rg8 26. Ne2 h4 27. Nf4 Nh7 28. Rxa5 Rxa5 29. Rxa5 Ng5 30. Ra7+ Kd6 31. Be2 Rb8
32. Bd3 $1 {[%cal Rd3f5]} Bd7 33. Bc2 Re8 34. Bd3 (34. b4 $16) 34... Rb8 $1 $14
35. Bc2 (35. Ra3 $14) 35... Re8 $1 $16 36. Ng2 Nh3+ 37. Kf1 Ng5 38. Kf2 ({
But not} 38. Nxh4 $6 Rxe3 39. Bf5 Be6 $11) 38... Nh3+ 39. Kf1 Ng5 40. Ke2 ({
Much worse is} 40. Nxh4 $6 Rxe3 41. Bf5 Be6 $11) 40... Ne6 {...Nxd4+ is the
strong threat.} 41. Kf2 Nc7 42. Bd3 Rb8 43. Bc2 ({White should try} 43. Ra3 $16
) 43... Rg8 (43... Re8 $1 $11) 44. Nf4 Nb5 45. Ra1 Rb8 46. Ng2 Nc7 47. Bd1 Nb5
48. Ra6 Nc7 49. Ra5 Rg8 50. Bc2 Nb5 (50... h3 $14 51. Ne1 Be6) 51. Nxh4 Rh8 52.
Kg3 Rg8+ 53. Kf2 {Threatens to win with Ng2.} Rh8 54. Kg3 Rg8+ $1 55. Kf4 Rh8
56. Nf5+ Bxf5 57. Bxf5 {Hoping for h3.} Rxh2 {[%mdl 4096] Endgame KRB-KRN} 58.
Ra8 Rb2 59. Rf8 (59. Rb8 {is more complex.} Kc7 60. Rc8+ Kd6 61. Rd8+ Ke7 62.
Rd7+) 59... Ke7 60. Rc8 Kd6 61. Rd8+ Ke7 62. Rd7+ $1 Kf8 63. Bg4 Ke8 64. Rb7 {
And now Bd7+ would win.} Nd6 (64... Kd8 $16 65. Rxf7 Rxb3) 65. Rc7 {Black must
now prevent Ke5.} Rxb3 {Black hopes to continue with ...Nc4.} 66. Rxc6 Nc4 (
66... Nb5 {was called for.} 67. Rc5 Nc3) 67. Rc8+ $1 $18 Ke7 68. Rc7+ $1 Ke8 {
[#]} 69. Rc8+ $2 (69. Bh5 $1 $18) 69... Ke7 $16 70. Rc7+ $2 (70. e4 $16) 70...
Ke8 $1 $18 {[#] White now steadily converts the win.} 71. Bh5 $1 Nxe3 72. Rxf7
{aiming for Rb7+.} Kd8 73. Ke5 Rb1 74. Bg4 Rb6 $2 (74... Ke8 75. Rh7 Nxg4+ 76.
fxg4 Rb2) 75. Be6 Nc4+ 76. Kxd5 Rd6+ 77. Kxc4 Rxe6 {KR-KR} 78. Kd5 Rh6 79. f4
Ke8 80. Ra7 Rh5+ 81. Ke6 {[%cal Ra7a8]} Rh6+ 82. Ke5 Rh1 83. f5 Re1+ 84. Kf6
Rd1 85. Ra8+ Kd7 86. Kg7 {Weighted Error Value: White=0.18/Black=0.08} 1-0

[Event "FIDE Chesscom Grand Swiss 2021"]
[Site "Riga"]
[Date "2021.10.31"]
[Round "5.29"]
[White "Praggnanandhaa R"]
[Black "Mamedov, Rauf"]
[Result "1-0"]
[WhiteElo "2618"]
[BlackElo "2673"]
[Annotator "TA"]
[PlyCount "127"]
[EventDate "2021.10.27"]
[EventType "swiss"]
[EventCountry "LAT"]
[Tiebreak "Cut1 Buchholz+Sonneborn-Berger (Swiss)"]
[SourceTitle "playchess.com"]
[Source "ChessBase"]
[SourceQuality "1"]

{[%evp 13,127,0,2,0,13,18,36,29,23,27,48,21,24,14,27,26,28,19,29,14,21,2,17,11,
45,44,45,39,47,44,47,37,59,14,84,75,104,97,143,132,174,169,245,191,273,145,158,
143,241,238,239,221,244,238,302,268,282,256,230,225,234,230,242,196,254,243,
313,289,305,308,293,139,230,225,268,158,152,148,159,156,158,137,241,177,256,
236,263,227,268,252,346,356,325,299,302,289,1183,297,310,311,313,223,223,223,
223,223,223,213,223,217,360,347,454,448,440,440]} 1. e4 c5 2. Nf3 Nc6 3. Bb5 g6
4. O-O Bg7 5. c3 Nf6 6. Re1 O-O 7. h3 Qb6 8. a4 {B31: Sicilian: 2...Nc6 3 Bb5
g6.} a6 {8...Rd8 gains popularity.} 9. Bc4 {[#]} e5 $146 ({Predecessor:} 9...
Rd8 10. e5 Ne8 11. d3 d5 12. exd6 Nxd6 13. Ba2 Bf5 14. Qe2 e5 15. Ng5 h6 {
1-0 (32) Sekyrka,J (1990)-Ohera,D (1960) ICCF email 2016}) 10. d3 {White is
slightly better.} d6 11. Na3 Rb8 12. Ba2 Qc7 13. Bg5 b5 14. axb5 axb5 15. Nc2
Ne7 16. Ne3 Bb7 17. Qd2 {And now Bxf6 would win.} Kh8 18. b4 Nfg8 19. bxc5 dxc5
20. Rab1 Qd7 21. Ng4 f6 22. Bh4 $36 {[%mdl 2048] White fights for an advantage.
} Ra8 23. Rbd1 h5 (23... Nc6 $11 {keeps the balance.}) 24. Ne3 $16 Ra6 25. Qe2
Rfa8 {[#]} 26. Bb1 Qe8 27. d4 c4 (27... cxd4 $142 28. cxd4 Ra4) 28. Qb2 Ra3 (
28... g5 $142) 29. Bc2 (29. dxe5 $18 fxe5 30. Nd5) 29... Ra2 30. Qb1 R2a3 (
30... Nc6 $16 31. Qxb5 Nxd4 32. Nxd4 (32. Qxb7 Nxc2 33. Nxc2 Rxc2 $11) 32...
exd4 33. Qxe8 (33. Qxb7 dxe3 34. Rd7 exf2+ 35. Bxf2 Rb8 $11) 33... Rxe8) 31.
dxe5 $18 fxe5 32. Qb4 Ra2 33. Bg3 Nc8 34. Qc5 Qc6 35. Qxc6 Bxc6 36. Nxe5 Nce7
37. f4 Be8 38. Bh4 Nf6 (38... Bh6 $142) 39. Bb1 Ra1 40. Nc2 R1a6 41. Nb4 Ra1
42. Rd6 (42. Kh2 $18) 42... Neg8 (42... g5 $16) 43. Nd5 g5 44. Nxf6 ({And not} 
44. fxg5 Nxd5 45. Rxd5 Ne7 $11) (44. Bxg5 $18 Nxe4 45. Re6) 44... Nxf6 $16 45.
Bxg5 Nxe4 46. Rxe4 Rxb1+ 47. Kh2 Kh7 (47... Kg8 $16 48. Bf6 Bf8) 48. Re6 Bf8 (
48... Rba1 $142 49. f5 R1a6) 49. Be7 Bh6 50. Bf6 Rf1 51. Kg3 b4 52. cxb4 c3 53.
Re7+ Kg8 54. Rc7 Ra6 $2 {[#]} (54... Rd1 55. Rxc3 Rd6) 55. Bg5 $2 (55. Ng4 $1 {
[%mdl 512]} h4+ 56. Kxh4) 55... Bxg5 $18 56. fxg5 Re6 57. Rxc3 Rf5 58. Rce3 {
aiming for Ng4.} Rxg5+ 59. Kh2 {Hoping for Nf3.} Rf5 60. Nc4 Rxe4 61. Rxe4 Bd7
(61... Bf7 $142 62. Nd6 Rg5) 62. Re5 Rf4 63. Nb6 Bc6 64. Nd5 {Weighted Error
Value: White=0.32/Black=0.33} 1-0

[Event "FIDE Chesscom Grand Swiss 2021"]
[Site "Riga"]
[Date "2021.10.31"]
[Round "5.30"]
[White "Anton Guijarro, David"]
[Black "Bjerre, Jonas Buhl"]
[Result "1-0"]
[WhiteElo "2658"]
[BlackElo "2569"]
[Annotator "TA"]
[PlyCount "99"]
[EventDate "2021.10.27"]
[EventType "swiss"]
[EventCountry "LAT"]
[Tiebreak "Cut1 Buchholz+Sonneborn-Berger (Swiss)"]
[SourceTitle "playchess.com"]
[Source "ChessBase"]
[SourceQuality "1"]

{[%evp 12,99,0,-1,0,-23,20,4,28,31,31,33,29,0,29,23,14,0,19,0,0,0,20,24,43,13,
13,-2,-10,-11,-12,-5,-9,-7,7,6,9,0,0,0,51,59,61,61,57,65,51,37,37,40,25,33,39,
33,53,52,59,37,156,151,165,168,232,213,250,208,257,252,313,300,412,396,404,412,
412,398,404,411,373,354,414,454,516,487,775,760,1449,1325,931,761]} 1. d4 Nf6
2. c4 e6 3. Nf3 d5 4. Nc3 Bb4 5. Qa4+ Nc6 6. a3 Bxc3+ 7. bxc3 Ne4 {D38:
Queen's Gambit Declined: Ragozin Defence (4 Nf3 Bb4).} 8. Bf4 $1 {[%mdl 4] now
scores much better than the old 8.Qc2.} O-O 9. e3 Nxc3 {The position is equal.}
10. Qc2 Ne4 11. Bd3 f5 {[#]} 12. h4 $146 ({Predecessor:} 12. O-O Nd6 13. cxd5
exd5 14. Rab1 Ne7 15. Qc5 b6 16. Qc2 Bb7 17. Rfc1 Rc8 18. Qa2 {1-0 (42) Kobo,O
(2460)-Bluebaum,M (2670) Chess.com INT 2021}) 12... Na5 13. cxd5 Qxd5 14. Qxc7
Bd7 15. O-O Rac8 (15... Rfc8 $5 16. Qe5 $8 Nc4 17. Qxd5 exd5 $14) 16. Qe5 Nb3
17. Rab1 Rc3 18. Rfd1 {Threatening Bxe4.} (18. Bxe4 $5 fxe4 19. Ng5 $14) 18...
Bc6 19. Rb2 Rc8 20. h5 h6 21. Nh4 Nf6 22. Be2 Qxe5 23. Bxe5 Bd5 24. Ng6 {
Black must now prevent Ne7+.} Kf7 25. Nf4 a6 (25... b6 $1 $11) 26. a4 Na5 27.
Bxf6 Kxf6 28. Nxd5+ exd5 29. Bf3 Ke6 30. Rdb1 Rc1+ 31. Kh2 Rxb1 32. Rxb1 $14 {
[%mdl 4096] Endgame KRB-KRN} Rc7 33. Kg3 Nc4 34. Kf4 Rf7 {[#] Black is now
going downhill.} (34... b5 $14) 35. Be2 $1 $16 Rc7 {[#]} 36. Bd3 $1 Nd6 (36...
Na5 $142 37. Bxf5+ Kd6) 37. Rb6 $18 Rf7 38. f3 Rf8 39. a5 Rf7 40. g3 Rf8 41. g4
fxg4+ 42. Kxg4 Kd7 43. e4 Kc7 44. e5 Nc8 45. Rg6 Rg8 {Now ...Ne7 and Black
clings on.} 46. Re6 Rd8 {White is clearly winning.} 47. Bf5 Rf8 (47... b6 $142
48. Rg6 bxa5 49. Rxg7+ Kc6 50. Rg6+ Kb7 51. Rxh6 a4 52. Rh7+ Kc6) 48. Rg6 Rf7
49. Bxc8 Kxc8 50. f4 {Weighted Error Value: White=0.05/Black=0.27} 1-0

[Event "FIDE Chesscom Grand Swiss 2021"]
[Site "Riga"]
[Date "2021.10.31"]
[Round "5.31"]
[White "Henriquez Villagra, Cristobal"]
[Black "Volokitin, Andrei"]
[Result "0-1"]
[WhiteElo "2608"]
[BlackElo "2652"]
[Annotator "TA"]
[PlyCount "82"]
[EventDate "2021.10.27"]
[EventType "swiss"]
[EventCountry "LAT"]
[Tiebreak "Cut1 Buchholz+Sonneborn-Berger (Swiss)"]
[SourceTitle "playchess.com"]
[Source "ChessBase"]
[SourceQuality "1"]

{[%evp 9,82,30,50,17,30,23,36,39,34,30,29,29,64,13,29,32,35,0,0,0,5,0,0,0,-5,
-4,-15,-5,-22,-36,0,0,0,21,17,-115,-129,-128,-125,-169,-169,-169,-165,-163,
-166,-168,-160,-167,-160,-179,-182,-174,-172,-185,-197,-268,-220,-261,-265,
-327,-264,-562,-614,-649,-583,-1052,-1006,-4914,-2667,-1753,-321,-321,-314,
-298,-286]} 1. d4 Nf6 2. c4 g6 3. Nc3 d5 4. cxd5 Nxd5 5. Bd2 c5 6. Rc1 {
D85: Exchange Grünfeld: Unusual White 7th moves and lines with 7 Nf3.} Nc6 7.
dxc5 Bg7 8. Nf3 {White is slightly better.} O-O {[#]} 9. Qa4 $146 ({
Predecessor:} 9. e3 Ndb4 10. a3 Nd3+ 11. Bxd3 Qxd3 12. Qe2 Bf5 13. e4 Qxe2+ 14.
Kxe2 Bg4 15. Be3 {0-1 (39) Abdusattorov,N (2648)-Giri,A (2777) Yasnaya Polyana
2021}) 9... Be6 10. a3 a5 11. Nd1 (11. e3 $14) 11... Qd7 12. e4 Nc7 13. h3 Rfd8
14. Be2 Ba2 15. Nc3 Qe6 16. Nxa2 Qxa2 17. O-O {Threatens to win with Bc4.} Bxb2
18. Qc2 {aiming for Bc3.} Qxa3 19. Rb1 Bg7 20. Rxb7 Ne6 {White must now
prevent ...Ncd4.} 21. Be3 Bd4 22. Bb5 ({Much worse is} 22. Nxd4 Ncxd4 23. Qb2
Qxb2 $17) (22. Rb3 $11 {remains equal.} Qxc5 23. Qxc5 Nxc5 24. Rb6) 22... Bxe3
$17 {Black continues to play with concentration.} 23. Bxc6 {Rb3 is the strong
threat.} Qxc5 24. Qa4 {[#]} Nd4 $1 25. Nxd4 Bxd4 ({Much less strong is} 25...
Rxd4 26. Qb5 $11) 26. Bd5 {next Rb5 is good for White.} Rab8 27. Bxf7+ Kg7 28.
Rxb8 Rxb8 29. Bd5 {[#]} Bxf2+ $1 {[%mdl 512]} 30. Kh1 Rf8 31. Qd1 Rf6 32. e5 (
32. Qd3 $142) 32... Rf8 33. Bf3 Bg3 34. e6 Rf6 35. Qe2 $2 (35. Qc1 Qxc1 36.
Rxc1) 35... a4 $19 {[%cal Ba5a4,Ba4a3][%mdl 32]} 36. Qa2 a3 37. Qb3 Bd6 38. Rd1
Qe5 {[%csl Gd6][%cal Re5h2]} 39. Kg1 Qxe6 $2 (39... Rxe6 40. Qc4 a2 41. Qxa2
Qh2+ 42. Kf1 Re5) 40. Qxe6 Rxe6 41. Ra1 Re5 {Weighted Error Value: White=0.58/
Black=0.22} 0-1

[Event "FIDE Chesscom Grand Swiss 2021"]
[Site "Riga"]
[Date "2021.10.31"]
[Round "5.32"]
[White "Demchenko, Anton"]
[Black "Kollars, Dmitrij"]
[Result "0-1"]
[WhiteElo "2651"]
[BlackElo "2621"]
[Annotator "TA"]
[PlyCount "112"]
[EventDate "2021.10.27"]
[EventType "swiss"]
[EventCountry "LAT"]
[Tiebreak "Cut1 Buchholz+Sonneborn-Berger (Swiss)"]
[SourceTitle "playchess.com"]
[Source "ChessBase"]
[SourceQuality "1"]

{[%evp 10,112,12,16,26,13,11,0,16,2,16,8,14,7,0,0,0,0,0,0,17,13,23,16,22,17,21,
17,31,17,31,13,20,5,18,16,10,0,0,0,27,-47,0,-27,0,-87,-60,-146,-139,-141,-113,
-188,-163,-159,-101,-112,-65,-65,-45,-167,-104,-99,-108,-103,-95,-91,-81,-77,
-80,-116,-119,-111,-103,-70,0,-42,-18,-4,-14,0,0,0,0,0,0,0,0,0,0,-118,-127,
-204,-195,-162,-156,-225,-176,-477,-452,-1072,-528,-29973,-29971,-29970,-12837]
} 1. e4 e5 2. Nf3 Nc6 3. Bc4 Nf6 4. d3 Bc5 5. O-O d6 6. c3 a5 {C54: Giuoco
Piano: 4 c3 Nf6, main lines with 5 d4 and 5 d3.} 7. Nbd2 O-O 8. h3 h6 {The
position is equal.} 9. Re1 Be6 10. Bxe6 fxe6 11. Nb3 Bb6 12. a4 Qe8 13. Be3 {
[#]} Bxe3 $146 ({Predecessor:} 13... Qg6 14. Nh4 Qf7 15. Bxb6 cxb6 16. d4 Nh5
17. Qd2 Nf4 18. dxe5 dxe5 19. Re3 Qh5 {1/2-1/2 (40) Luchkina,A-Chulevich,A
Dagomys 2009}) 14. Rxe3 Qg6 15. Nbd2 Nh5 16. Kh2 Qf7 17. Qb3 Rab8 18. Rf1 Kh8
19. g3 Nf6 20. d4 Nd7 21. Qb5 exd4 22. cxd4 Nb6 23. b3 g5 24. Kg2 Qg7 25. e5 (
25. Rd1 $1 $11) 25... d5 26. Qd3 Nc8 27. h4 (27. Nh2 $11 {remains equal.})
27... g4 $17 28. Ng1 (28. Ne1 $1 $15) 28... N8e7 $36 {[%mdl 2048] Black is
really pushing.} 29. Ree1 Qh7 30. Qc3 (30. Qxh7+ $17 Kxh7 31. Ne2) 30... Rf7 $1
$19 31. Ne2 Rbf8 (31... Nb4 $142 $1 32. f4 (32. Qxc7 $2 Nec6 $19) 32... Qd3 33.
Qxd3 Nxd3) 32. f3 Qg6 33. f4 Nf5 34. Rh1 (34. Nb1 $15) 34... h5 ({Better is} 
34... Rc8 $19 35. Nf1 Nb4) 35. Nf1 $17 Nb4 36. Rd1 b6 37. Ne3 Rc8 38. Nxf5 Qxf5
39. Qd2 {[#]} c5 $1 40. dxc5 {next Nd4 is good for White.} bxc5 41. Nc3 {
White wants to play Nb5.} Nc6 (41... c4 $1 $15 42. bxc4 Rxc4) 42. Nb5 {And now
Nd6 would win.} (42. Rhe1 $5 {[%cal Rc3b5]}) 42... Qe4+ $1 43. Kh2 Nd4 {
( -> ...Nf3+)} 44. Rhf1 Nf3+ 45. Rxf3 $1 Qxf3 46. Nd6 {[%mdl 64] Double Attack}
Rcc7 {...Rf8 is the strong threat.} 47. Nxf7+ Rxf7 $11 {[%mdl 4096] Endgame
KQR-KQR} 48. Rc1 Rb7 49. Rc3 (49. Qxa5 $11 {keeps the balance.} Qe2+ 50. Kh1
Qf3+ 51. Kh2 Rxb3 52. Qd8+ Kh7 53. Qe7+ Kh8 54. Qf8+ Kh7 55. Qf7+ Kh8 56. Qxh5+
Kg7 57. Qg5+ Kh7 58. Qh5+ Kg7 59. Qg5+ Kh7 60. Qh5+ Kg7) 49... Qf1 $17 50. f5 (
50. Qg2 $17 {was called for.} Qe1 51. Rxc5) 50... Qxf5 $19 ({Stronger than} 
50... exf5 51. Qxd5 Qe2+ 52. Qg2 $11) 51. Rxc5 {[#] White wants to mate with
Qh6+.} Kh7 ({Don't go for} 51... Qxe5 $2 52. Qh6+ Kg8 53. Rc8+ (53. Qg6+ Kf8
$11) 53... Kf7 54. Qh7+ Qg7 55. Rh8 $18) 52. Qe3 (52. Rc3 $17 {was necessary.})
52... Rf7 {Threatens to win with ...Qf1.} 53. Qe1 (53. Rc1) 53... Qd3 54. Kg2 (
54. Rc1 $142 Rf3 55. Rd1 Qxb3 56. Rd2) 54... Qxb3 (54... Rf3 $142 {Hoping for .
..Re3.} 55. Rc7+ Kg6) 55. Rxa5 Rc7 56. Qf1 Qb2+ {Weighted Error Value: White=0.
50/Black=0.18} 0-1

[Event "FIDE Chesscom Grand Swiss 2021"]
[Site "Riga"]
[Date "2021.10.31"]
[Round "5.33"]
[White "Neiksans, Arturs"]
[Black "Bluebaum, Matthias"]
[Result "0-1"]
[WhiteElo "2570"]
[BlackElo "2640"]
[Annotator "TA"]
[PlyCount "112"]
[EventDate "2021.10.27"]
[EventType "swiss"]
[EventCountry "LAT"]
[Tiebreak "Cut1 Buchholz+Sonneborn-Berger (Swiss)"]
[SourceTitle "playchess.com"]
[Source "ChessBase"]
[SourceQuality "1"]

{[%evp 9,112,-16,9,-6,5,-15,-20,-11,-16,-18,-15,-33,-33,-38,-16,-14,0,-16,-11,
-21,0,-17,-18,-30,-21,-52,-52,-46,-53,-122,-90,-102,-52,-50,-60,-72,-79,-77,
-64,-121,-103,-167,-157,-187,-156,-154,-137,-131,-140,-211,-184,-233,-223,-237,
-221,-276,-227,-269,-269,-287,-284,-280,-272,-290,-289,-289,-280,-277,-279,
-258,-261,-325,-327,-622,-939,-1016,-785,-677,-631,-12831,-12831,-12832,-12832,
-12833,-12831,-12840,-12840,-12841,-12840,-12841,-12842,-12842,-12843,-12844,
-12844,-12845,-12845,-12850,-12845,-12850,-12846,-12850,-27999,-27999,-27999]} 
1. e4 e6 2. d3 d5 3. Nd2 Nf6 4. Ngf3 Be7 5. g3 a5 6. Bg2 {C00: French: Unusual
White 2nd moves.} a4 7. a3 c5 8. O-O {The position is equal.} Nc6 9. Re1 h6 10.
Qe2 {[#]} O-O $146 ({Predecessor:} 10... b6 11. e5 Nd7 12. c4 Nf8 13. h4 Bb7
14. Nf1 Na5 15. Be3 Qc7 16. Rad1 Bc6 {1-0 (42) Wohl,A (2375)-Wilschut,P (2237)
Leiden 2010}) 11. e5 Nh7 12. Nf1 Ng5 13. c3 Nxf3+ 14. Qxf3 Bg5 15. Qh5 Bxc1 16.
Raxc1 Rb8 17. f4 b5 18. Nd2 Ne7 19. g4 ({Better is} 19. Qf3 $15) 19... Ng6 20.
Rf1 Qh4 21. Qxh4 Nxh4 22. b4 axb3 $1 23. Nxb3 {[#]} c4 $36 {[%cal Rc4b3][%mdl
2048] Black fights for an advantage.} 24. Nc5 ({White should try} 24. dxc4 $15
bxc4 25. Nd4) 24... cxd3 25. Rf2 (25. Rb1 $17 {was necessary.}) 25... Ra8 $19
26. Ra1 Ra7 27. Nxd3 Rc7 28. Rc1 Bd7 29. Nb4 (29. Rb2 $17 {keeps fighting.})
29... Rfc8 30. Bf1 Ra7 31. Bd3 Rxa3 32. Rfc2 Ng6 33. Bxg6 fxg6 34. f5 gxf5 ({
Don't take} 34... exf5 35. Nxd5 Rc4 36. gxf5 $19) 35. gxf5 exf5 36. Nxd5 Rc5
37. Rd2 {[#] And now Ne7+ would win.} Be6 38. Nf4 Rxe5 39. Nxe6 Rxe6 {[%mdl
4096] Endgame KRR-KRR} 40. Rd5 f4 41. Rxb5 $2 (41. Rf5) 41... Ra2 42. Rf5 Rg6+
43. Kh1 Rgg2 44. Rxf4 Rxh2+ 45. Kg1 h5 46. c4 Kh7 47. Rf8 h4 48. Rc3 Rag2+ 49.
Kf1 Rc2 50. Rxc2 Rxc2 {KR-KR} 51. Rc8 h3 {( -> ...h2)} 52. Kg1 g5 53. Rd8 Kg6
54. c5 g4 55. c6 Rxc6 56. Kh2 Rc2+ {Weighted Error Value: White=0.34/Black=0.06
} 0-1

[Event "FIDE Chesscom Grand Swiss 2021"]
[Site "Riga"]
[Date "2021.10.31"]
[Round "5.34"]
[White "Kuybokarov, Temur"]
[Black "Matlakov, Maxim"]
[Result "1/2-1/2"]
[WhiteElo "2549"]
[BlackElo "2682"]
[Annotator "TA"]
[PlyCount "60"]
[EventDate "2021.10.27"]
[EventType "swiss"]
[EventCountry "LAT"]
[Tiebreak "Cut1 Buchholz+Sonneborn-Berger (Swiss)"]
[SourceTitle "playchess.com"]
[Source "ChessBase"]
[SourceQuality "1"]

{[%evp 19,60,0,0,0,22,22,25,22,22,15,30,0,0,0,0,0,0,0,0,0,0,0,0,0,22,29,14,18,
18,17,41,46,36,30,19,0,0,0,26,0,0,0,28]} 1. e4 c5 2. Nf3 d6 3. d4 cxd4 4. Nxd4
Nf6 5. Nc3 a6 6. Bg5 e6 7. f4 Qb6 8. Qd2 Qxb2 9. Rb1 Qa3 10. f5 Nc6 11. fxe6 {
B97: Sicilian Najdorf: Poisoned Pawn.} Bxe6 12. Rxb7 Nxd4 13. Qxd4 {White has
an edge.} Be7 $1 14. Bc4 {[#] Black must now prevent 0-0.} Rc8 {[#]} 15. Bxe6
$146 (15. Nd5 {looks sharper.} Bxd5 16. Bxd5 Nxd5 17. Qxd5 Qc3+ 18. Ke2) ({
Predecessor:} 15. Nd5 Bxd5 16. Bxd5 Nxd5 17. Qxd5 Qc3+ 18. Ke2 Qxc2+ 19. Bd2
Rc5 20. Rc1 Qxc1 21. Bxc1 Rxd5 22. exd5 {1/2-1/2 (40) Nepomniachtchi,I (2789)
-Giri,A (2776) chess24.com INT 2021}) 15... fxe6 16. Bd2 Qc5 17. Qxc5 Rxc5 18.
Ke2 Kf7 {White should prevent ...Rhc8.} 19. Rhb1 Rhc8 20. R1b3 Rc4 21. Ra7 Nxe4
22. Nxe4 Rxe4+ 23. Kf3 Re5 24. Rbb7 Rf5+ 25. Ke2 Re8 26. Rxa6 Re5+ 27. Kd3 Rd5+
28. Ke2 Re5+ 29. Kd3 Rd5+ 30. Ke2 Re5+ {Weighted Error Value: White=0.04/
Black=0.03} 1/2-1/2